000 00865nam a2200253Ia 4500
003 OSt
005 20220927104115.0
006 a|||||r|||| 00| 0
007 ta
008 220926b |||||||| |||| 00| 0 eng d
024 _a69841
037 _cReference Collections
040 _aRTL
_cRTL
_beng
041 _2eng
_aeng
082 _a"X 755.791.N8, M9/UN"
110 _aUnited Nations. Economics Commission for Latin America and the caribbean
_9363952
245 0 _aTransnational bank behaviour and the international debt crisis.
260 _aChile
_bUnited Nations
_c1989
300 _a198p.
_ccm.
650 _aForeign Loan
_9363953
700 _aUnited Nations. Economics Commission for Latin America and the caribbean
_9363954
942 _h"X 755.791.N8, M9/UN"
_cCC
999 _c685990
_d685990